Wireless Communications and Networks 3G and Beyond / (Record no. 189465)
[ view plain ]
| 000 -LEADER | |
|---|---|
| fixed length control field | 01475 a2200181 4500 |
| 003 - CONTROL NUMBER IDENTIFIER | |
| control field | Nust |
| 005 - DATE AND TIME OF LATEST TRANSACTION | |
| control field | 20221208120718.0 |
| 020 ## - INTERNATIONAL STANDARD BOOK NUMBER | |
| International Standard Book Number | 9780070151406 |
| 040 ## - CATALOGING SOURCE | |
| Transcribing agency | Nust |
| 082 ## - DEWEY DECIMAL CLASSIFICATION NUMBER | |
| Classification number | 621.382,MIS |
| 100 ## - MAIN ENTRY--PERSONAL NAME | |
| Personal name | ITI Saha Misra |
| 9 (RLIN) | 104449 |
| 245 ## - TITLE STATEMENT | |
| Title | Wireless Communications and Networks 3G and Beyond / |
| Statement of responsibility, etc. | ITI Saha Misra |
| 260 ## - PUBLICATION, DISTRIBUTION, ETC. | |
| Place of publication, distribution, etc. | New Delhi |
| Name of publisher, distributor, etc. | Tata McGraw Hill Education Private Limited |
| Date of publication, distribution, etc. | 2009 |
| 300 ## - PHYSICAL DESCRIPTION | |
| Extent | xi,390,p |
| 505 ## - FORMATTED CONTENTS NOTE | |
| Formatted contents note | Introduction for Wireless communication and Networks (Page-1), Cellular Mobile Wireless Networks: Systems & Design Fundamentals and Propagation Path Loss Models (Page-5), Evolution of Modern Mobile Wireless Communication Systems (Page-48), Multiple Access Techniques in Wireless Communications (Page-67), Second Generation Mobile Networks GSM: Architecture and Protocols (Page-88), Networks--General Packet Radio Services (GPRS) (Page-110), Overview of CDMA Based IS--95 2G Cellular Networks (Page-141), 3G- Universal Mobile Telecommunication Systems (UMTS) (Page-155), Overview of Internet Protocol and Mobile Internet Protocol (Page-180), Mobility Management Issues: Role of IP on Wireless Networks (Page-206), Fundamentals of Wireless Local Area Networks (Page-243), Cellular and WLAN Integration : Heterogeneous Network Architecture, Step towards 4G Networks (Page-268), Overview of Wi Max Technologies: Broadband Wireless Communication (Page-301), |
| 600 ## - SUBJECT ADDED ENTRY--PERSONAL NAME | |
| Personal name | Wireless Communications And Networks 3G and Beyond |
| 9 (RLIN) | 104450 |
| 942 ## - ADDED ENTRY ELEMENTS (KOHA) | |
| Source of classification or shelving scheme | |
| Koha item type | Book |
| Withdrawn status | Lost status | Source of classification or shelving scheme | Damaged status | Not for loan | Permanent Location | Current Location | Shelving location | Date acquired | Full call number | Barcode | Date last seen | Price effective from | Koha item type | Public note |
|---|---|---|---|---|---|---|---|---|---|---|---|---|---|---|
| Military College of Signals (MCS) | Military College of Signals (MCS) | General Stacks | 12/12/2016 | 621.382,MIS | MCS35116 | 12/08/2016 | 12/12/2016 | Book | Almirah No.35, Shelf No.4 |
